Anexo n.Proclama de la fuerza armada de El Salvador. Emitida 15 de octubre de 1979

Shranjeno v:
Bibliografske podrobnosti
Korporativna značnica: Fuerza armada de El Salvador
Format: Texto
Izdano: San Salvador: Revista ECA
Oznake: Označite
Brez oznak, prvi označite!

MARC

LEADER 00000 a a2200000 04500
001 24771
003
040
090 |a 177400  
110 |a Fuerza armada de El Salvador  
245 |a Anexo n.Proclama de la fuerza armada de El Salvador. Emitida 15 de octubre de 1979  
260 |a San Salvador:   |b Revista ECA  
300 |a p.irreg.  
999 |c 11262  |d 11262